Stress intensity factors for corner quarter-elliptical crack in a finite thickness plate

Bibliographic Details
Main Authors: Sládek, Ján, 1952- (Author), Sládek, Vladimír, 1954- (Author)
Format: Article
Language:Slovak
English
PhysicalDescription:Obr., tab.
ISSN:0039-2472
Subjects:

MARC

LEADER 00000nab a2200000 a 4500
001 vtls000716951
003 SK-MaSNL
005 20260304114709.0
008 250429c1999 xo 0 slo
015 |a SNBRB2000/03-09160 
035 |a CLN000069118 
035 |a urn:nbn:sk:snk-abbt6f 
035 |a (urnnbn)urn:nbn:sk:snk:ar-a09umh 
035 |a (uuid)2b8f7208-bd7d-4f1a-9f30-e7cd22065ae9 
040 |a SNKBUCL  |b slo  |c SNKBUCL  |e AACR2 
041 0 |a eng 
044 |a xo  |c SK 
080 |a 539.219.2  |2 1997 
080 |a 620.191.3  |2 1997 
100 1 |a Sládek, Ján,  |d 1952-  |4 aut  |9 38178 
245 1 0 |a Stress intensity factors for corner quarter-elliptical crack in a finite thickness plate  |c J. Sládek, V. Sládek 
300 |b Obr., tab. 
504 |a Res. angl. 
504 |a Bibliogr. odkazy 
650 0 7 |a dosky  |x trhliny  |x napätie  |2 snkbucl  |9 1419996 
650 0 7 |a trhliny  |2 snkbucl  |9 898950 
655 7 |a články z novín a časopisov  |2 snkbucl  |9 267496 
700 1 |a Sládek, Vladimír,  |d 1954-  |4 aut  |9 155370 
773 0 |t Strojnícky časopis  |g Roč. 50, č. 6 (1999), s. 365-386  |x 0039-2472 
850 |a Slovenská národná knižnica 
852 |a Slovenská národná knižnica 
958 |a article15 
958 |a NB 
958 |a OND 
958 |a EUIPO 
992 |a RBX 
999 |c 2873621  |d 2875551